000 00317pam a2200133 a 4500
020 _a981-4053-85-6
_c
041 _h
082 _a003
_bJAC
100 _aJACKSON P.,
245 _aINTRODUCTION TO EXPERT SYSTEMS
_hTextual Documents
260 _aENGLAND
_bADDISON-WESLEY
_c2000
300 _aXVII+542
930 _a6873
999 _c126337
_d126337